Leigh Bowery looks /

Saved in:
Bibliografiske detaljer
Hovedforfatter: Greer, Fergus (Author)
Format: Bog
Sprog:engelsk
Udgivet: London : Violette, 2002
Tags: Tilføj Tag
Ingen Tags, Vær først til at tagge denne postø!

MARC

LEADER 00000nam a22000007i 4500
001 IT\ICCU\UBO\2428846
003 ItRI
005 20260115231838.0
008 040428s2002 xxk|||||| ||||| |||||c
020 |a 1900828197 
040 |b ita  |c importazione bologna sebina 
041 7 |a eng  |2 ISO-639-2 
100 1 |a Greer, Fergus  |0 IT\ICCU\UBOV\873280  |4 aut 
240 1 0 |a Leigh Bowery looks  |3 IT\ICCU\UBO\4764391  |9 Greer, Fergus 
245 1 0 |a Leigh Bowery looks /  |c Fergus Greer ; foreword by Mariuccia Casadio. 
260 |a London :  |b Violette,  |c 2002 
300 |a 175 p. :  |b ill. ;  |c 21 cm. 
942 |2 ddc  |c BK  |n 0 
952 |0 0  |1 0  |4 0  |6 DOC_709_200000000000000_GRE  |7 0  |9 14078  |a BO  |b BO  |d 2026-01-15  |i 20529  |l 0  |o DOC 709.2 GRE  |p BO20529  |r 2026-01-15 23:18:38  |w 2026-01-15  |x [Sebina 7] [1 v.]  |y BK  |z 1 v. 
999 |c 12135  |d 12135